Obsah makroelementov a mikroelementov v rozličných kultivaroch ozimnej pšenice

Bibliographic Details
Main Authors: Poláček, Štefan, 1936-2022 (Author), Ragas, A. (Author), Hruškovičová, Anna, 1943- (Author)
Format: Article
Language:Slovak
Subjects:

MARC

LEADER 00000nab a2200000 a 4500
001 vtls000300597
003 SK-MaSNL
005 20260304013231.0
008 230127c1986 xo 0 slo
015 |a SNBRA19rr/mm-uuuuu 
035 |a CL0310716 
035 |a (urnnbn)urn:nbn:sk:snk:ar-a081sk 
035 |a (uuid)c9fa463b-8eda-4226-a073-0fbe5fdb2300 
035 |a urn:nbn:sk:snk-ab8co3 
040 |a SNKBUCL  |b slo  |c SNKBUCL  |e AACR2 
041 0 |a slo 
044 |a xo  |c SK 
080 |a 633.11:546  |2 1981 
080 |a 546  |2 1981 
100 1 |a Poláček, Štefan,  |d 1936-2022  |4 aut  |9 93674 
245 1 0 |a Obsah makroelementov a mikroelementov v rozličných kultivaroch ozimnej pšenice  |c Š. Poláček, A. Ragas, A. Hruškovičová 
300 |b Tb. 6. Res. rus., angl., lit. 19 zázn. v slov., ruš., angl. 
650 0 7 |a ozimná pšenica  |2 snkbucl  |9 28625 
650 0 7 |a stopové prvky  |2 snkbucl  |9 29124 
650 0 7 |a makroelementy  |2 snkbucl  |9 1100221 
655 7 |a články zo zborníkov  |2 snkbucl  |9 166140 
700 1 |a Ragas, A.  |4 aut  |9 1130028 
700 1 |a Hruškovičová, Anna,  |d 1943-  |4 aut  |9 38797 
773 0 |t Acta fytotechnica 42  |d Bratislava : Príroda, 1986  |g S. 3-17 
850 |a Slovenská národná knižnica v Martine  |a MTA001 
852 |a SNK  |b KIS3GCP 
954 |a odborná, vedecká literatúra pôvodná (slovenská)  |2 lita 
958 |a RK 
958 |a NB 
958 |a OND 
958 |a EUIPO 
958 |a article9 
992 |a RZB 
999 |c 2575005  |d 2576935